Wireless optical communication systems (Record no. 7969)
[ view plain ]
| 000 -LEADER | |
|---|---|
| fixed length control field | 00732 a2200217 4500 |
| 020 ## - INTERNATIONAL STANDARD BOOK NUMBER | |
| International Standard Book Number | 0387227849 |
| 040 ## - CATALOGING SOURCE | |
| Original cataloging agency | DLC |
| Language of cataloging | DLC |
| 082 04 - DEWEY DECIMAL CLASSIFICATION NUMBER | |
| Classification number | 621.3827 |
| 100 1# - MAIN ENTRY--PERSONAL NAME | |
| Personal name | Hranilovic, Steve, |
| 245 10 - TITLE STATEMENT | |
| Title | Wireless optical communication systems |
| Statement of responsibility, etc. | Steve Hranilovic. |
| 260 ## - PUBLICATION, DISTRIBUTION, ETC. | |
| Place of publication, distribution, etc. | New Delhi : |
| Name of publisher, distributor, etc. | Springer, |
| Date of publication, distribution, etc. | c2005. |
| 300 ## - PHYSICAL DESCRIPTION | |
| Extent | xii, 196 p. : |
| Other physical details | ill. ; |
| Dimensions | 25 cm. |
| 500 ## - GENERAL NOTE | |
| General note | Title from e-book title screen (viewed June 27, 2008). |
| 650 #0 - SUBJECT ADDED ENTRY--TOPICAL TERM | |
| Topical term or geographic name entry element | Optical communications. |
| 650 #0 - SUBJECT ADDED ENTRY--TOPICAL TERM | |
| Topical term or geographic name entry element | Wireless communication systems. |
| 655 #7 - INDEX TERM--GENRE/FORM | |
| Genre/form data or focus term | Electronic books. |
| 710 2# - ADDED ENTRY--CORPORATE NAME | |
| Corporate name or jurisdiction name as entry element | MyiLibrary. |
| 856 40 - ELECTRONIC LOCATION AND ACCESS | |
| Uniform Resource Identifier | <a href="http://www.myilibrary.com?id=42730">http://www.myilibrary.com?id=42730</a> |
| 856 40 - ELECTRONIC LOCATION AND ACCESS | |
| Uniform Resource Identifier | <a href="http://www.springerlink.com/openurl.asp?genre=book&isbn=978-0-387-22784-9">http://www.springerlink.com/openurl.asp?genre=book&isbn=978-0-387-22784-9</a> |
| 942 ## - ADDED ENTRY ELEMENTS (KOHA) | |
| Koha item type | Book |
| Call number prefix | 621.3824 HRA |
| Source of classification or shelving scheme | |
| Withdrawn status | Lost status | Damaged status | Not for loan | Collection code | Permanent Location | Current Location | Shelving location | Date acquired | Source of acquisition | Cost, normal purchase price | Total Checkouts | Full call number | Barcode | Date last seen | Date last checked out | Price effective from | Koha item type |
|---|---|---|---|---|---|---|---|---|---|---|---|---|---|---|---|---|---|
| Central Library (CL) | Central Library (CL) | General Stacks | 05/03/2007 | Pak Book Corporation | 730.62 | 1 | 621.3824 HRA | SEECS008459 | 03/04/2020 | 11/27/2019 | 01/05/2017 | Book |
